100 Biggest Cities in Kansas on a Map - Statistics

General Stats
  • This quiz has been taken 178 times
  • The average score is 33 of 100
Answers on the Map
Answers color-coded by a green-red scale on the quiz's map according to % correct below.
 
Answer Stats
Population City % Correct
156,607 Kansas City
100%
397,532 Wichita
94%
126,587 Topeka
93%
94,934 Lawrence
88%
197,238 Overland Park
88%
54,100 Manhattan
83%
141,290 Olathe
82%
27,788 Dodge City
75%
46,889 Salina
75%
67,311 Shawnee
63%
21,116 Hays
61%
40,006 Hutchinson
61%
37,351 Leavenworth
61%
57,434 Lenexa
60%
28,151 Garden City
56%
24,139 Emporia
54%
19,825 Liberal
53%
20,646 Pittsburg
51%
22,932 Junction City
50%
10,885 Atchison
47%
25,625 Derby
43%
18,602 Newton
43%
6,460 Abilene
42%
14,892 Andover
40%
12,870 El Dorado
39%
14,733 Great Bend
39%
33,902 Leawood
39%
12,625 Ottawa
39%
8,826 Coffeyville
38%
5,570 Colby
36%
8,548 Independence
35%
14,082 McPherson
35%
9,954 Mission
35%
23,287 Gardner
33%
4,465 Goodland
33%
22,957 Prairie Village
33%
11,974 Arkansas City
32%
7,552 Fort Scott
31%
4,401 Russell
31%
11,262 Haysville
29%
11,777 Winfield
29%
7,837 Bonner Springs
26%
8,333 Park City
26%
4,113 Scott City
26%
5,111 Concordia
25%
9,230 Fort Riley
25%
11,239 Lansing
25%
3,594 Mission Hills
25%
9,600 Parsons
25%
6,603 Pratt
25%
5,788 Ulysses
25%
8,262 Bel Aire
24%
2,747 Norton
24%
2,861 Osage City
24%
9,256 Augusta
22%
3,888 Baxter Springs
22%
3,066 Ellsworth
22%
5,396 Iola
22%
5,735 Maize
22%
5,573 Tonganoxie
22%
7,340 Valley Center
22%
4,841 Wamego
22%
7,715 Wellington
22%
6,896 Basehor
21%
2,929 Columbus
21%
6,118 De Soto
21%
4,717 Edwardsville
21%
6,408 Eudora
21%
2,761 Galena
21%
5,084 Goddard
21%
3,105 Kingman
21%
3,776 Lindsborg
21%
6,286 Mulvane
21%
5,768 Paola
21%
7,952 Spring Hill
21%
3,505 Hesston
19%
3,769 Larned
19%
11,098 Merriam
19%
8,722 Chanute
18%
3,747 Hugoton
18%
3,447 Marysville
18%
3,382 Frontenac
17%
3,280 Hiawatha
17%
4,969 Louisburg
17%
6,871 Roeland Park
17%
2,759 St. Marys
17%
4,826 Baldwin City
15%
2,634 Burlington
15%
4,199 Clay Center
15%
3,401 Holton
15%
3,611 Lyons
15%
4,185 Rose Hill
15%
3,404 Beloit
14%
3,242 Garnett
14%
2,699 Hoisington
14%
4,255 Osawatomie
14%
2,732 Hillsboro
13%
2,653 Clearwater
10%
2,880 Oaklawn-Sunview
10%
4,170 Fairway
8%
No matching quizzes found
Score Distribution
Percent of People with Each Score
Percentile by Number Answered
Your Score History
You have not taken this quiz